Los golpes de estado

Saved in:
书目详细资料
主要作者: González Calleja, Eduardo (Author)
格式: 图书
语言:西班牙语
出版: Madrid Arco-Libros 2003
丛编:Cuadernos de Historia, 97
主题:
标签: 添加标签
没有标签, 成为第一个标记此记录!

MARC

LEADER 00000nam a2200000 a 4500
001 UCH5199
003 CL-VaPUC
008 091008e20030000SP |||||||||||||||||spa|d
020 |a 8476355513 
082 0 4 |a 321.9  |b GON  |2 21 
100 |a González Calleja, Eduardo  |e author  |9 569194 
245 1 4 |a Los golpes de estado 
300 |a 95 p 
942 |c BK 
945 |d 20091008 00:00:00  |a rbrito 
260 |a Madrid  |b Arco-Libros  |c 2003 
650 7 |a GOLPES DE ESTADO  |2 CL-VaPUC  |9 338290 
650 0 |a Dictadura   |9 341206 
650 7 |a MILITARISMO  |2 CL-VaPUC  |9 321522 
650 0 |a Política  |9 255312 
650 0 |a Violencia política   |9 321520 
583 |a last modification  |c 20091008 00:00:00  |k Rodrigo Vera 
490 0 |a Cuadernos de Historia, 97 
999 |c 336381  |d 336379 
952 |0 0  |1 0  |4 0  |6 321_900000000000000_GON_2003  |7 0  |8 A  |9 427645  |a BIBHIS  |b BIBHIS  |d 2019-11-22  |i 4607139  |l 4  |o 321.9 GON 2003  |p 4607139  |r 2025-01-20  |s 2024-10-15  |w 2019-11-22  |y BK  |k HIS